Statistics for SpiceJet Destinations-Chennai

Click here to take the quiz!

General Stats

  • This quiz has been taken 3 times
  • The average score is 21 of 24

Answer Stats

Country Airport % Correct
India-Andaman and NicobarPort Blair
100%
India-KeralaCochin
100%
India-West BengalKolkata
100%
India-Uttar PradeshVaranasi
100%
India-TelanganaHyderabad
100%
India-Tamil NaduMadurai
100%
India-MaharashtraPune
100%
India-MaharashtraMumbai
100%
India-KeralaKozhikode
100%
India-Madhya PradeshBhopal
100%
India-KarnatakaBangalore
100%
India-Jammu and KashmirSrinagar
100%
India-GujaratAhmedabad
100%
India-GoaGoa
100%
India-DelhiDelhi
100%
India-BiharPatna
100%
Sri LankaColombo
100%
India-Andhra PradeshVijayawada
67%
India-GujaratSurat
67%
India-MaharashtraShirdi
67%
India-Tamil NaduCoimbatore
67%
India-Tamil NaduTuticorin
67%
India-AssamGuwahati
67%
India-West BengalSiliguri
33%

Score Distribution

Percentile by Number Answered

Percent of People with Each Score

Your Score History

You have not taken this quiz